000 00528nam a2200169 a 4500
001 000045897
005 20201002052517.0
008 150526s2015 dr 000 0 spa d
020 _a9789945895858
040 _aDO-SdBNP
_bspa
_cBNPHU
082 _axxxx
_bxxxx
100 1 _aRomán R., Rafael Antonio
_d1963-
_911735
245 1 0 _aÉxtasis y vida /
_cRafael Ant. Román R.
260 _aSanto Domingo :
_bBúho,
_c2015.
300 _a118 p. ;
_c14 cm.
500 _aIncluye datos biográficos del autor en la solapa de la cubierta.
999 _c45386
_d45386